000
00370nam a2200145Ia 4500
008
231129s1986||||xx |||||||||||||| ||spa||
020
_a
958-16-0131-7
040
_b
spa
082
_a
808.83872 B964p
100
_a
Burnett W.R.
245
0
_a
El pequeno Cesar
260
_c
1986
264
_a
La Montana Magica
942
_2
ddc
_c
BKS
999
_c
12044
_d
12044